00993 a2200181 4500003000500000005001700005040000900022082001500031100002700046245003400073260003000107300001000137505049600147650001000643942001200653999001900665952012700684Nust20230125075039.0 cNust a822.33,DOR aDoren,Mark Van9107533 aShakespeare /cMark Van Doren aNew YorkbDoubledayc1955 a302:p aIntroduction (Page-1), Poems (Page-1), Henry VI (Page-10), Richard Iii (Page-19 ),Titus Andronicus (Page-28),The Comedy Of Error (Page-33), The Taming Of The Shrew (Page-36),The Merchant Night Dream (Page-79),King John (Page-88), Henry IV (Page-97),Much Ado About Nothing (Page-119),Julius Caesar (Page-152),Hamlet (Page-161),Troilus And Cressida (Page-172),All Well That End Well (Page-178),King Lear (Page-204), The Winter S Tale (Page-271),The Tempest (Page-1),The Henry VIII (Page-289). aDrama 2ddccBK c186701d186701 00102ddc4070aMCSbMCScFICd2016-12-12j1o822.33,DORpMCS29953r2016-12-08w2016-12-12yBKzAlmirah No.57, Shelf No.5